00459nam a2200157Ia 4500999001700000003000400017005001700021008004100038040001800079082001800097100002700115245007900142260002900221300000900250942004200259 c17184d17184OSt20200606120035.0190216s9999||||xx |||||||||||||| ||und|| cMESKC library a891.43bSHA/B aSharma, Savithri 9360 0aBhagavathicharan Varma Ke Upanyas Upalabith Aur Simayen /cSavithri Sharma bGround Nikethan,aPatna: a163p cBK2ddch891.43iSHA/Bk891.43mSHA/B